[Event "Sachsen-Anhalt-ch op"]
[Site "Magdeburg"]
[Date "2021.10.31"]
[Round "7"]
[White "Schiffner, Robin"]
[Black "Janeke, Thomas"]
[Result "1-0"]
[WhiteElo "1321"]
[BlackElo "1742"]
[PlyCount "61"]
[EventDate "2021.10.28"]
[EventType "swiss"]
[EventRounds "7"]
[EventCountry "GER"]
[SourceTitle "CBM 205 Extra"]
[Source "ChessBase"]
[SourceDate "2022.01.31"]
[SourceVersion "1"]
[SourceVersionDate "2022.01.31"]
[SourceQuality "1"]

1. e4 d5 2. exd5 Qxd5 3. Nf3 c6 4. d4 Bf5 5. c4 Qd6 6. Nc3 Nf6 7. Be3 e6 8. h3 Nbd7 9. Bd3 Bxd3 10. Qxd3 Be7 11. 0-0 0-0 12. Rfd1 Rfd8 13. d5 Ne5 14. Nxe5 Qxe5 15. Bd4 Qd6 16. c5 Qf4 17. d6 Bf8 18. Bxf6 Qxf6 19. b4 b6 20. Rab1 a5 21. a3 axb4 22. axb4 Ra3 23. Ne4 Rxd3 24. Nxf6+ gxf6 25. Rxd3 f5 26. cxb6 Rxd6 27. b7 Rxd3 28. b8Q Kg7 29. b5 cxb5 30. Qxb5 Bd6 31. Qxd3 1-0

[Event "GER-chT School WK 3"]
[Site "Playchess.com INT"]
[Date "2020.06.15"]
[Round "2.3"]
[White "Boerger, Dan"]
[Black "Schiffner, Robin"]
[Result "0-1"]
[WhiteElo "1516"]
[BlackElo "1502"]
[PlyCount "46"]
[EventDate "2020.06.15"]
[EventType "team-swiss (blitz)"]
[EventRounds "5"]
[EventCountry "GER"]
[SourceTitle "EXT 2021"]
[Source "ChessBase"]
[SourceDate "2020.10.23"]
[SourceVersion "1"]
[SourceVersionDate "2020.10.23"]
[SourceQuality "1"]
[WhiteTeam "Wismar G Hausmann Gymn"]
[BlackTeam "Magdeburg Siemens Gymn"]
[WhiteTeamCountry "GER"]
[BlackTeamCountry "GER"]

1. e4 c5 2. Nf3 d6 3. d4 cxd4 4. Nxd4 Nf6 5. Nc3 Nc6 6. Be3 e6 7. Bb5 Bd7 8. 0-0 Be7 9. f4 0-0 10. Nf3 a6 11. Bd3 Qc7 12. h3 Nb4 13. a3 Nxd3 14. Qxd3 Rac8 15. Rf2 b5 16. Ng5 Qc4 17. Rd1 Qxd3 18. Rxd3 h6 19. Nf3 a5 20. g4 Rc4 21. b3 Rcc8 22. Kg2 b4 23. axb4 axb4 0-1

[Event "Sachsen-Anhalt Landesliga-A 1920"]
[Site "Sachsen Anhalt"]
[Date "2020.03.05"]
[Round "7"]
[White "Schwartz, Simon"]
[Black "Schiffner, Robin"]
[Result "0-1"]
[WhiteElo "1704"]
[BlackElo "1333"]
[PlyCount "64"]
[EventDate "2019.09.29"]
[EventType "team-tourn"]
[EventRounds "9"]
[EventCountry "GER"]
[SourceTitle "EXT 2023"]
[Source "ChessBase"]
[SourceDate "2022.10.05"]
[SourceVersion "1"]
[SourceVersionDate "2022.10.05"]
[SourceQuality "1"]
[WhiteTeam "Gardelegen"]
[BlackTeam "Dahlenwarsleben"]
[WhiteTeamCountry "GER"]
[BlackTeamCountry "GER"]

1. b4 e5 2. Bb2 Bxb4 3. Bxe5 Nf6 4. c4 Nc6 5. Bb2 0-0 6. e3 b6 7. Nf3 Bb7 8. Qc2 h6 9. h4 Re8 10. Nc3 d5 11. cxd5 Nxd5 12. Nxd5 Qxd5 13. Bc4 Qh5 14. 0-0-0 Rac8 15. Rdg1 Na5 16. Be2 Qd5 17. Bxg7 Bxd2+ 18. Nxd2 Kxg7 19. Bf3 Qe5 20. Nb3 Ba6 21. g4 Red8 22. g5 Bd3 23. gxh6+ Kxh6 24. Qb2 Nxb3+ 25. Qxb3 Qa1+ 26. Kd2 Bc4+ 27. Kc2 Bxb3+ 28. axb3 Qa2+ 29. Kc3 Qd2+ 30. Kc4 b5+ 31. Kc5 Qc3+ 32. Kxb5 Rb8+ 0-1

[Event "GER-chT U12"]
[Site "Magdeburg"]
[Date "2017.12.27"]
[Round "1.3"]
[White "Schiffner, Robin"]
[Black "Garner, Isaac"]
[Result "0-1"]
[WhiteElo "1307"]
[BlackElo "1689"]
[PlyCount "76"]
[EventDate "2017.12.26"]
[EventType "team-swiss"]
[EventRounds "7"]
[EventCountry "GER"]
[SourceTitle "CBM 182 Extra"]
[Source "ChessBase"]
[SourceDate "2018.02.23"]
[SourceVersion "1"]
[SourceVersionDate "2018.02.23"]
[SourceQuality "1"]
[WhiteTeam "Magdeburg USC"]
[BlackTeam "Hamburger SK"]
[WhiteTeamCountry "GER"]
[BlackTeamCountry "GER"]

1. e4 c5 2. Nf3 Nc6 3. d4 cxd4 4. Nxd4 Nf6 5. Nc3 e5 6. Nb3 Bb4 7. f3 d5 8. Bd2 dxe4 9. Nxe4 Nxe4 10. fxe4 Qh4+ 11. g3 Qxe4+ 12. Kf2 Qxh1 13. Qh5 Qd5 14. Be3 Qe6 15. Qe2 Qg4 16. Qb5 e4 17. Kg1 Qf5 18. Qe2 Qf3 19. Qxf3 exf3 20. c3 Bd6 21. Re1 0-0 22. Bc4 Ne5 23. Bd5 Be6 24. Bxb7 Rab8 25. Ba6 Bxb3 26. axb3 Rxb3 27. Bxa7 Rxb2 28. Bf1 Ng4 29. Rd1 Be5 30. Bc5 Ra8 31. c4 g6 32. h3 Nf6 33. Bf2 Raa2 34. Be3 Ne4 35. Rd3 Nxg3 36. Bd2 Rxd2 37. Rxd2 Rxd2 38. c5 Bd4# 0-1

[Event "GER-chT U10"]
[Site "Magdeburg"]
[Date "2015.12.28"]
[Round "5.4"]
[White "Schiffner, Robin"]
[Black "Linnekuhl, Pascal"]
[Result "1-0"]
[WhiteElo "1010"]
[BlackElo "873"]
[PlyCount "35"]
[EventDate "2015.12.27"]
[EventType "team-swiss"]
[EventRounds "7"]
[EventCountry "GER"]
[SourceTitle "EXT 2017"]
[Source "ChessBase"]
[SourceDate "2016.10.25"]
[SourceVersion "1"]
[SourceVersionDate "2016.10.25"]
[SourceQuality "1"]
[WhiteTeam "Magdeburg USC"]
[BlackTeam "Breitenworbis"]
[WhiteTeamCountry "GER"]
[BlackTeamCountry "GER"]

1. e4 e5 2. Nf3 Nc6 3. Bb5 Nf6 4. d3 h6 5. Be3 Be7 6. c3 d6 7. Nbd2 Be6 8. 0-0 Qd7 9. Qe2 0-0 10. d4 Rfe8 11. d5 Nxd5 12. exd5 Bxd5 13. Qd3 Be6 14. Nc4 a6 15. Ba4 b5 16. Bc2 bxc4 17. Qh7+ Kf8 18. Qh8# 1-0